ბათუმის შოთა რუსთაველის სახელმწიფო უნივერსიტეტის ბიბლიოთეკა

ფილოსოფიის ისტორიის მეცნიერების სათავეებთან : (ბიბ.ჩანაწერი № 59774)

000 -ლიდერი
ფიქსირებული სიგრძის საკონტროლო ველი 01036nam a22002297a 4500
003 - საკონტროლო ნომრის იდენტიფიკატორი
საკონტროლო ველი Ge_BSU
005 - ბოლო ოპერაციის თარიღი და დრო
საკონტროლო ველი 20230412123158.0
008 - ფიქსირებული სიგრძის მონაცემთა ელემენტები - ზოგადი ინფორმაცია
ფიქსირებული სიგრძის საკონტროლო ველი 230412s1982 ge ||||| |||| 00| 0 geo d
041 ## - ენის კოდი
Language code of text/sound track or separate title geo
080 ## - უნივერსალური ათობითი კლასიფიკაციის ინდექსი
Universal Decimal Classification number 1(09)+1(38)(092) ჭ-34
100 ## - მთავარი ჩანაწერი - პიროვნების სახელი
Personal name ჭელიძე, მერი
9 (RLIN) 3675
245 ## - ცნობა სათაურის შესახებ
Title ფილოსოფიის ისტორიის მეცნიერების სათავეებთან :
Remainder of title (პლატონი, არისტოტელე) /
Statement of responsibility, etc მერი ჭელიძე; რედ. აკ. ურუშაძე.
264 ## - წარმოების, გამოცემის, დისტრიბუციის და სხვა ცნობები
გამოცემის, წარმოების, დისტრიბუციის... ადგილი თბილისი:
გამოცემის, წარმოების, დისტრიბუციის... სახელწოდება თბილ. უნ-ტის გამ-ბა,
გამოცემის, წარმოების, დისტრიბუციის... თარიღი 1982.
300 ## - ფიზიკური აღწერა
Extent 150 გვ. ;
Other physical details 20 სმ.
504 ## - BIBLIOGRAPHY, ETC. NOTE
Bibliography, etc ბიბლიოგრ. 146-149
520 ## - SUMMARY, ETC.
Summary, etc რეზ. რუს. და გერმ.
653 ## - INDEX TERM--UNCONTROLLED
Uncontrolled term პლატონი
653 ## - INDEX TERM--UNCONTROLLED
Uncontrolled term არისტოტელე
653 ## - INDEX TERM--UNCONTROLLED
Uncontrolled term ფილოსოფია
700 ## - ADDED ENTRY--PERSONAL NAME
Personal name ურუშაძე, აკ.
Relator term რედაქტორი
9 (RLIN) 16070
942 ## - ADDED ENTRY ELEMENTS (KOHA)
Source of classification or shelving scheme
Koha item type წიგნი
ეგზემპლარები
ჩამოწერის სტატუსი დაკარგული ეგზემპლარის სტატუსი კლასიფიკაციის წყარო ან თაროზე გაწყობის სქემა დაზიანების სტატუსი არ გაიცემა მუდმივი მდებარეობა (დაცვის ადგილი) ამჟამინდელი ადგილსამყოფელი თაროზე განთავსების ადგილი შეძენის თარიღი ღირებულება, შესყიდვის ნორმალური ფასი სრული შენახვის შიფრი შტრიხკოდი ბოლო ოპერაციის თარიღი ეგზემპლარის მიმდევრობითი ნომერი (კეტერი?) Uniform Resource Identifier ფასის ძალაში შესვლის თარიღი ეგზემპლარის სახეობა საჯარო შენიშვნა
          ბათუმის შოთა რუსთაველის სახელმწიფო უნივერსიტეტის მთავარი ბიბლიოთეკა ბათუმის შოთა რუსთაველის სახელმწიფო უნივერსიტეტის მთავარი ბიბლიოთეკა წიგნსაცავი 2023-04-12 5.00 1(09)+1(38)(092) ჭ-34 64184 2023-04-12 64184 ბსუ-ს საპატიო დოქტორის გურამ ლორთქიფანიძის საჩუქარი 2023-04-12 წიგნი 5 ლ.